[Event "Verona-chT Serie C/9 51st"]
[Site "Verona"]
[Date "2019.03.16"]
[Round "3.4"]
[White "Pomaro, Stefano"]
[Black "Zanotto, Enrico"]
[Result "0-1"]
[WhiteElo "1682"]
[BlackElo "1906"]
[PlyCount "62"]
[EventDate "2019.03.15"]
[EventType "team-tourn"]
[EventRounds "5"]
[EventCountry "ITA"]
[SourceTitle "EXT 2022"]
[Source "ChessBase"]
[SourceDate "2021.10.06"]
[SourceVersion "1"]
[SourceVersionDate "2021.10.06"]
[SourceQuality "1"]
[WhiteTeam "Venezia Nono Risorto"]
[BlackTeam "Vicenza II"]
[WhiteTeamCountry "ITA"]
[BlackTeamCountry "ITA"]

1. Nf3 g6 2. g3 Bg7 3. Bg2 Nf6 4. 0-0 c5 5. d3 Nc6 6. e4 d6 7. Nbd2 0-0 8. a4 a6 9. Nc4 Nd7 10. Bd2 Rb8 11. c3 b5 12. axb5 axb5 13. Na3 Qb6 14. Rb1 Nde5 15. Nxe5 Nxe5 16. Bf4 Nc6 17. Be3 b4 18. Nc4 Qc7 19. Qd2 Rd8 20. Rfd1 Ba6 21. h4 Bxc4 22. dxc4 bxc3 23. bxc3 Qa5 24. Qd5 Ne5 25. Bg5 Rxb1 26. Rxb1 Qa2 27. Rb7 Qa1+ 28. Bf1 e6 29. Qxd6 Rxd6 30. Rb8+ Bf8 31. Be7 Nd7 0-1